000 00410nam a2200181Ia 4500
001 10290
005 20260306161821.0
008 260306t1947||||xx |||||||||||||| ||spa||
041 _aESP
082 _a917.3
_bG385
100 _aGunther, John
_eAUT
245 0 _aInside U.S.A.
260 _c1947
300 _axvi, 979 páginas :
_c22 cm.
650 _aGEN
654 _aCHU
942 _cLIB
_dJUS
_fJUS
_2ddc
_n
999 _c10290
_d10290